América Latina en la época colonial. (Record no. 144261)

MARC details
000 -CABECERA
campo de control de longitud fija 00922nam a2200241 u 4500
005 - FECHA Y HORA DE LA ÚLTIMA TRANSACCIÓN
campo de control 20241129063742.0
008 - ELEMENTOS DE LONGITUD FIJA--INFORMACIÓN GENERAL
campo de control de longitud fija 090901s2002 es r 000 0 spa d
020 ## - NÚMERO INTERNACIONAL NORMALIZADO PARA LIBROS
Número Internacional Estándar del Libro 8484324079 (v.1)
020 ## - NÚMERO INTERNACIONAL NORMALIZADO PARA LIBROS
Número Internacional Estándar del Libro 8484324087 (v.2)
035 ## - NÚMERO DE CONTROL DEL SISTEMA
Número de control de sistema UPN01000172157
049 ## - COLECCIÓN
Colección CG
050 #4 - SIGNATURA TOPOGRÁFICA DE LA BIBLIOTECA DEL CONGRESO
Número de clasificación F1410
Número de documento/Ítem A4.3
245 00 - MENCIÓN DE TÍTULO
Título América Latina en la época colonial.
260 ## - PUBLICACIÓN, DISTRIBUCIÓN, ETC.
Lugar de publicación, distribución, etc. Barcelona, Esp. :
Nombre del editor, distribuidor, etc. Crítica,
Fecha de publicación, distribución, etc. 2002.
300 ## - DESCRIPCIÓN FÍSICA
Extensión 364 p. :
Otras características físicas mapas
440 #0 - MENCIÓN DE SERIE/ASIENTO SECUNDARIO--TÍTULO
Título Historia de América Latina
505 8# - NOTA DE CONTENIDO CON FORMATO PREESTABLECIDO
Nota de contenido con formato Contenido:
Información miscelánea v.1.
Título España y América de 1492 a 1808 / Miguel León-Portilla ... [et al.] --
Información miscelánea v.2.
Título Economía y sociedad / Nicolás Sánchez-Albornoz ... [et al.]
651 #4 - ASIENTO SECUNDARIO DE MATERIA - NOMBRE GEOGRAFICO
Nombre geográfico AMERICA LATINA -
Subdivisión general HISTORIA -
Subdivisión cronológica HASTA 1830
9 (RLIN) 3091
651 #4 - ASIENTO SECUNDARIO DE MATERIA - NOMBRE GEOGRAFICO
Nombre geográfico España
Subdivisión general Colonias
Subdivisión geográfica América
9 (RLIN) 14714
700 1# - ASIENTO SECUNDARIO--NOMBRE DE PERSONAL
Nombre de persona León-Portilla, Miguel,
Fechas asociadas al nombre 1926-2019
Término indicativo de función/relación coaut.
9 (RLIN) 28975
700 1# - ASIENTO SECUNDARIO--NOMBRE DE PERSONAL
Nombre de persona Sánchez-Albornoz y Aboín, Nicolás,
Fechas asociadas al nombre 1926-
Término indicativo de función/relación coaut.
9 (RLIN) 41246
905 ## - TIPO DE MATERIAL
Tipo de material Libro
Holdings
Estado de retiro Estado de pérdida Fuente del sistema de clasificación o colocación Estado dañado No para préstamo Código de colección Localización permanente Ubicación/localización actual Ubicación en estantería Enumeración/cronología de publicación seriada Total de préstamos Clasificación Código de barras Fecha visto por última vez Número de copia Tipo de ítem Koha Fecha de adquisición Fecha del último préstamo
    Library of Congress Classification     Colección General Bib. Gregorio Torres Quintero Bib. Gregorio Torres Quintero Planta baja v.1 7 F1410 A4.3 266977 31/12/2020 1 Libro    
    Library of Congress Classification     Colección General Bib. Gregorio Torres Quintero Bib. Gregorio Torres Quintero Planta baja v.1 7 F1410 A4.3 266978 29/11/2022 1 Libro 23/11/2022 23/11/2022
    Library of Congress Classification     Colección General Bib. Gregorio Torres Quintero Bib. Gregorio Torres Quintero Planta baja v.2 3 F1410 A4.3 266980 31/12/2020 1 Libro    
    Library of Congress Classification     Colección General Bib. Gregorio Torres Quintero Bib. Gregorio Torres Quintero Planta baja v.2 7 F1410 A4.3 266979 29/11/2022 1 Libro 23/11/2022 23/11/2022